Břeclav - Pohansko. X., Sídelní areál na Severovýchodním předhradí : archeologické výzkumy v letech 2008-2016 /
Zevrubný popis movitých i nemovitých archeologických nálezů z prostoru Severovýchodního předhradí Pohanska u Břeclavi.
Uloženo v:
| Série: | Spisy Filozofické fakulty Masarykovy univerzity,
část 510 |
|---|---|
| Hlavní autor: | |
| Další autoři: | , , , |
| Médium: | E-kniha |
| Jazyk: | Czech |
| Vydáno: |
Brno :
Masarykova univerzita,
2021
|
| Vydání: | Vydání první |
| Edice: | Spisy Filozofické fakulty Masarykovy univerzity = Opera Facultatis philosophicae Universitatis Masarykianae,
510 |
| Témata: | |
| On-line přístup: | Plný text - pro registrované uživatele NK ČR |
| Příbuzné jednotky: | Z cyklu::
Spisy Filozofické fakulty Masarykovy univerzity |
| Tagy: |
Žádné tagy |
| LEADER | 03869nam a2200781 i 4500 | ||
|---|---|---|---|
| 001 | 311510 | ||
| 003 | CZ PrSKC | ||
| 005 | 20260601215706.0 | ||
| 007 | ta | ||
| 008 | 210728s2021 xr abcef c 001 0 cze | ||
| 015 | |a cnb003344902 | ||
| 020 | |a 9788021098923 |q (vázáno) | ||
| 035 | |a (OCoLC)1296107560 | ||
| 040 | |a ABA001 |b cze |d BOA001 |e rda | ||
| 041 | 0 | |a cze |b eng | |
| 043 | |a e-xr--- |b e-xr-mr |2 czenas | ||
| 072 | 7 | |a 902 |x Archeologie |2 Konspekt | |
| 080 | |a 902.2 |2 MRF | ||
| 080 | |a 902:904 |2 MRF | ||
| 080 | |a 711.459.6"634/653" |2 MRF | ||
| 080 | |a 911.37 |2 MRF | ||
| 080 | |a 718 |2 MRF | ||
| 080 | |a (437.32-13) |2 MRF | ||
| 080 | |a (048.8:082) |2 MRF | ||
| 080 | |a (083.82) |2 MRF | ||
| 100 | 1 | |a Macháček, Jiří, |d 1971- |7 jn20010906013 |4 aut | |
| 245 | 1 | 0 | |a Břeclav - Pohansko. |n X., |p Sídelní areál na Severovýchodním předhradí : archeologické výzkumy v letech 2008-2016 / |c Jiří Macháček, Adéla Balcárková, Petr Dresler, Renáta Přichystalová, Michaela Prišťáková |
| 246 | 3 | 0 | |a Sídelní areál na Severovýchodním předhradí |
| 250 | |a Vydání první | ||
| 264 | 1 | |a Brno : |b Masarykova univerzita, |c 2021 | |
| 300 | |a 849 stran : |b ilustrace (převážně barevné), 1 mapa, portréty, plány ; |c 31 cm + |e 1 plán (1 list, 51 cm x 42 cm složeno na 21 x 17 cm) | ||
| 336 | |a text |b txt |2 rdacontent | ||
| 336 | |a statický obraz |b sti |2 rdacontent | ||
| 337 | |a bez média |b n |2 rdamedia | ||
| 338 | |a svazek |b nc |2 rdacarrier | ||
| 490 | 1 | |a Spisy Filozofické fakulty Masarykovy univerzity = |a Opera Facultatis philosophicae Universitatis Masarykianae, |x 1211-3034 ; |v 510 | |
| 500 | |a 300 výtisků | ||
| 504 | |a Obsahuje bibliografii a rejstřík | ||
| 520 | 2 | |a Zevrubný popis movitých i nemovitých archeologických nálezů z prostoru Severovýchodního předhradí Pohanska u Břeclavi. | |
| 546 | |a Anglické resumé | ||
| 650 | 0 | 7 | |a archeologické výzkumy |7 ph118577 |z Česko |2 czenas |
| 650 | 0 | 7 | |a archeologické nálezy |7 ph137683 |z Česko |2 czenas |
| 650 | 0 | 7 | |a hradiště |7 ph206867 |z Česko |2 czenas |
| 650 | 0 | 7 | |a sídliště (archeologie) |7 ph137685 |z Česko |2 czenas |
| 650 | 0 | 7 | |a pohřebiště |7 ph137684 |z Česko |2 czenas |
| 650 | 0 | 9 | |a excavations (archaeology) |z Czechia |2 eczenas |
| 650 | 0 | 9 | |a antiquities |z Czechia |2 eczenas |
| 650 | 0 | 9 | |a hillforts |z Czechia |2 eczenas |
| 650 | 0 | 9 | |a settlements |z Czechia |2 eczenas |
| 650 | 0 | 9 | |a cemeteries |z Czechia |2 eczenas |
| 651 | 7 | |a Pohansko (Česko : archeologická lokalita) |7 ge128579 |2 czenas | |
| 651 | 9 | |a Pohansko (Czechia : archaeological site) |2 eczenas | |
| 655 | 7 | |a kolektivní monografie |7 fd501537 |2 czenas | |
| 655 | 7 | |a katalogy |7 fd132535 |2 czenas | |
| 655 | 9 | |a collective monographs |2 eczenas | |
| 655 | 9 | |a catalogs |2 eczenas | |
| 700 | 1 | |a Balcárková, Adéla |7 mzk2014819764 |4 aut | |
| 700 | 1 | |a Dresler, Petr, |d 1978- |7 xx0109768 |4 aut | |
| 700 | 1 | |a Přichystalová, Renáta, |d 1973- |7 jx20100716026 |4 aut | |
| 700 | 1 | |a Prišťáková, Michaela |7 mzk2016937163 |4 aut | |
| 810 | 2 | |a Masarykova univerzita. |b Filozofická fakulta. |t Spisy | |
| 856 | 4 | 1 | |u https://www.bookport.cz/AccountSaml/SignIn/?idp=https%3A%2F%2Fshibboleth.nkp.cz%2Fidp%2Fshibboleth&returnUrl=/kniha/breclav-pohansko-x-sidelni-areal-na-severovychodnim-predhradi-10585/ |y Plný text - pro registrované uživatele NK ČR |4 N |
| 900 | |a ABA001 |b 19 | ||
| 044 | |a xr | ||
| 787 | 0 | 8 | |g 510 |i Z cyklu: |t Spisy Filozofické fakulty Masarykovy univerzity |
| 910 | |a RBIT002 | ||
| 998 | |d 347065 |a https://core.palmknihy.cz/api/books/347065/cover?r847cf |b https://core.palmknihy.cz/api/books/347065/cover/400?r847cf |c https://core.palmknihy.cz/api/books/347065/cover/50?r847cf |e 2091-07-28 |g 844 |i 9788021098923 |k https://core.palmknihy.cz/api/books/347065/preview.pdf |l |q 49 |r 1 |s https://www.palmknihy.cz/kniha/347065 |t ebook |y 2021 |z 0 |v Spisy Filozofické fakulty Masarykovy univerzity |w 510 | ||
| 999 | |d 311508 | ||